00589nam a2200169 i 4500001000700000003000900007005001700016007000300033008004100036100003300077245007700110260004600187300002000233852002400253999001900277952012300296145546ES-MaACL20230906201244.0t|071015s1906 xxk ||||1| eng d1 aVestermarck, Edward.911422914aThe origin and development of the moral ideas / cby Edward Vestermarck. aLondon : bRichard Clay and Sons, c1906. a2 v. ; c23 cm. aES-MaACLjG-11496-7 c145546d145546 00104070aATENEOMbATENEOMcSPP3d2008-01-17eSCl0oG-11496-7p1151923r2023-02-23 00:00:00w2023-02-23yMONOGRAFIA